| 000 | 01922cam a2200361 a 4500 | ||
|---|---|---|---|
| 999 |
_c6614 _d6614 |
||
| 003 | OSt | ||
| 005 | 20200302095939.0 | ||
| 008 | 151002s2002 ck ao fr 00110dspa d | ||
| 020 | _a9588040302 | ||
| 040 |
_aCO-BoUCM _bspa _cCO-JMCR _dSandra Palacio |
||
| 041 | 0 | _aspa | |
| 082 | 4 |
_a986.006 / _bR436g |
|
| 100 | 1 |
_aRestrepo Uribe, Fernando, _eautor _91023 |
|
| 110 | 2 |
_aAcademia Colombiana de Historia _93835 |
|
| 245 | 1 | 0 |
_aGalerías de la Academia Colombiana de Historia / _b _cinvestigación Fernando Restrepo Uribe ; coordinacón general Ivonne Nicholls ; fotografías Ernesto Monsalve Pino, Fernando Vargas-Maza |
| 246 |
_aGalería de la Academia Colombiana de Historia _b100 años |
||
| 260 |
_aBogot (̀Colombia) _bSeguros Bolv̕ar _c2002 |
||
| 300 |
_a143 páginas : _bliustraciones, fotografías ; _c33 cm. |
||
| 500 | _aIncluye datos biográficos de los autores en páginas 139-143. | ||
| 505 |
_tEl centenario de la Academia Colombiana de Historia _rSantiago Díaz Piedrahita |
||
| 505 |
_tLa Galería de la Academia y su Formación _rFernando Restrepo Uribe |
||
| 505 | _tLos fundadores de la academia colombiana de historia -- Cronistas coloniales -- Precursores de la historia colombiana en el siglo XIX -- Figuras del descubrimiento, conquista y colonia -- Personajes y temas de la república | ||
| 610 | 2 | 6 |
_aAcademia Colombiana de Historia _x Centenarios, etc.. _971928 |
| 650 | 7 |
_aHistoria _vPintura, escultura _97695 _xColecciones _zColombia |
|
| 650 | 7 |
_aHistoriadores _xAcademia Colombiana de Historia _916956 _vFundadores _zColombia |
|
| 650 | 7 |
_aIntelectuales _917841 _vPintura, escultura _zColombia |
|
| 651 | 6 |
_aColombia _x Academias, sociedades doctas _971929 |
|
| 690 |
_942845 _aHistoria de Colombia |
||
| 700 | 1 |
_aMonsalve Pino, Ernesto _928865 _efotógrafo |
|
| 700 | 1 |
_aVargas-Maza, Fernando _971930 _efotógrafo |
|
| 700 | 1 |
_aNicholls, Ivonne _971931 _ecoordinadora |
|
| 942 | _cBK | ||